Statistics for Costliest Atlantic Hurricanes

Click here to take the quiz!

General Stats

  • This quiz has been taken 129 times
  • The average score is 8 of 18

Answer Stats

Damage Year Answer % Correct
125.02005Katrina
94%
26.51992Andrew
82%
75.02012Sandy
73%
6.0 (preliminary)2016Matthew
59%
8.51989Hugo
53%
29.32005Wilma
53%
37.52008Ike
48%
16.62011Irene
47%
15.12004Charley
46%
12.02005Rita
45%
23.32004Ivan
41%
9.721998Georges
37%
6.91999Floyd
34%
9.852004Frances
32%
6.21998Mitch
29%
6.612008Gustav
26%
7.662004Jeanne
25%
9.02001Allison
24%

Score Distribution

Percentile by Number Answered

Percent of People with Each Score

Your Score History

You have not taken this quiz